<?xml version="1.0" encoding="UTF-8"?>
<record
    xmlns:xsi="http://www.w3.org/2001/XMLSchema-instance"
    xsi:schemaLocation="http://www.loc.gov/MARC21/slim http://www.loc.gov/standards/marcxml/schema/MARC21slim.xsd"
    xmlns="http://www.loc.gov/MARC21/slim">

  <leader>00957nam a22002177a 4500</leader>
  <controlfield tag="003">NALT</controlfield>
  <controlfield tag="005">20241114102449.0</controlfield>
  <controlfield tag="008">               th                  tha d</controlfield>
  <datafield tag="040" ind1=" " ind2=" ">
    <subfield code="a">NALT</subfield>
  </datafield>
  <datafield tag="041" ind1=" " ind2=" ">
    <subfield code="a">tha</subfield>
  </datafield>
  <datafield tag="050" ind1=" " ind2=" ">
    <subfield code="a"> </subfield>
  </datafield>
  <datafield tag="090" ind1=" " ind2=" ">
    <subfield code="a">KU 137</subfield>
    <subfield code="b">&#xE01;675&#xE19;</subfield>
  </datafield>
  <datafield tag="100" ind1="0" ind2=" ">
    <subfield code="a">&#xE01;&#xE34;&#xE15;&#xE15;&#xE34;&#xE28;&#xE31;&#xE01;&#xE14;&#xE34;&#xE4C; &#xE40;&#xE2D;&#xE37;&#xE49;&#xE2D;&#xE01;&#xE24;&#xE14;&#xE32;&#xE18;&#xE34;&#xE01;&#xE32;&#xE23;</subfield>
    <subfield code="9">20151</subfield>
  </datafield>
  <datafield tag="245" ind1="1" ind2="0">
    <subfield code="a">&#xE42;&#xE19;&#xE15;&#xE32;&#xE23;&#xE35;&#xE1B;&#xE31;&#xE1A;&#xE25;&#xE34;&#xE01; (Notary Public) : </subfield>
    <subfield code="b">&#xE41;&#xE19;&#xE27;&#xE17;&#xE32;&#xE07;&#xE1E;&#xE31;&#xE12;&#xE19;&#xE32;&#xE07;&#xE32;&#xE19;&#xE22;&#xE38;&#xE15;&#xE34;&#xE18;&#xE23;&#xE23;&#xE21;&#xE01;&#xE48;&#xE2D;&#xE19;&#xE40;&#xE01;&#xE34;&#xE14;&#xE02;&#xE49;&#xE2D;&#xE1E;&#xE34;&#xE1E;&#xE32;&#xE17; /</subfield>
    <subfield code="c">&#xE01;&#xE34;&#xE15;&#xE15;&#xE34;&#xE28;&#xE31;&#xE01;&#xE14;&#xE34;&#xE4C; &#xE40;&#xE2D;&#xE37;&#xE49;&#xE2D;&#xE01;&#xE24;&#xE14;&#xE32;&#xE18;&#xE34;&#xE01;&#xE32;&#xE23;.</subfield>
  </datafield>
  <datafield tag="260" ind1=" " ind2=" ">
    <subfield code="a">&#xE21;.&#xE1B;.&#xE17;. : </subfield>
    <subfield code="b">&#xE21;.&#xE1B;.&#xE1E;., </subfield>
    <subfield code="c">&#xE21;.&#xE1B;.&#xE1B;..</subfield>
  </datafield>
  <datafield tag="300" ind1=" " ind2=" ">
    <subfield code="a">13 &#xE2B;&#xE19;&#xE49;&#xE32; ;</subfield>
    <subfield code="b"> </subfield>
    <subfield code="c">29 &#xE0B;&#xE21;.</subfield>
  </datafield>
  <datafield tag="650" ind1=" " ind2="4">
    <subfield code="a">&#xE1E;&#xE19;&#xE31;&#xE01;&#xE07;&#xE32;&#xE19;&#xE23;&#xE31;&#xE1A;&#xE23;&#xE2D;&#xE07;&#xE40;&#xE2D;&#xE01;&#xE2A;&#xE32;&#xE23;</subfield>
    <subfield code="9">28232</subfield>
  </datafield>
  <datafield tag="700" ind1="0" ind2=" ">
    <subfield code="9">20151</subfield>
    <subfield code="a">&#xE01;&#xE34;&#xE15;&#xE15;&#xE34;&#xE28;&#xE31;&#xE01;&#xE14;&#xE34;&#xE4C; &#xE40;&#xE2D;&#xE37;&#xE49;&#xE2D;&#xE01;&#xE24;&#xE14;&#xE32;&#xE18;&#xE34;&#xE01;&#xE32;&#xE23;</subfield>
  </datafield>
  <datafield tag="850" ind1=" " ind2=" ">
    <subfield code="a">NALT</subfield>
  </datafield>
  <datafield tag="942" ind1=" " ind2=" ">
    <subfield code="c">LB</subfield>
    <subfield code="2">local</subfield>
  </datafield>
  <datafield tag="999" ind1=" " ind2=" ">
    <subfield code="c"> 73205</subfield>
    <subfield code="d">73205</subfield>
  </datafield>
  <datafield tag="998" ind1=" " ind2=" ">
    <subfield code="j">104</subfield>
    <subfield code="k"> &#xE19;&#xE32;&#xE07;&#xE2A;&#xE32;&#xE27;&#xE2A;&#xE32;&#xE22;&#xE1D;&#xE19;  &#xE14;&#xE35;&#xE07;&#xE32;&#xE21;</subfield>
  </datafield>
  <datafield tag="952" ind1=" " ind2=" ">
    <subfield code="0">0</subfield>
    <subfield code="1">0</subfield>
    <subfield code="2">local</subfield>
    <subfield code="4">0</subfield>
    <subfield code="7">0</subfield>
    <subfield code="8">CLAW</subfield>
    <subfield code="a">NALT</subfield>
    <subfield code="b">NALT</subfield>
    <subfield code="c">LAW</subfield>
    <subfield code="e">&#xE1A;&#xE23;&#xE34;&#xE08;&#xE32;&#xE04;</subfield>
    <subfield code="l">0</subfield>
    <subfield code="o">KU 137 &#xE01;675&#xE19;</subfield>
    <subfield code="p">3961200180</subfield>
    <subfield code="r">2017-06-09 00:00:00</subfield>
    <subfield code="w">2017-06-09</subfield>
    <subfield code="y">LB</subfield>
  </datafield>
</record>
